Normal view MARC view
  • Gothic fiction.

Entry Genre/Form Term

Number of records used in: 3

001 - CONTROL NUMBER

  • control field: 10041

003 - CONTROL NUMBER IDENTIFIER

  • control field: NUST

005 - DATE AND TIME OF LATEST TRANSACTION

  • control field: 20180227061849.0

008 - FIXED-LENGTH DATA ELEMENTS

  • fixed length control field: 180227|| aca||aabn | a|a d

040 ## - CATALOGING SOURCE

  • Original cataloging agency: NUST
  • Transcribing agency: NUST

155 ## - HEADING--GENRE/FORM TERM

  • Genre/form term: Gothic fiction.

670 ## - SOURCE DATA FOUND

  • Source citation: Work cat.: (NUST)0: Subond, Valerie. 10040, House at haunted inlet /, 1974.
© 2023 Central Library, National University of Sciences and Technology. All Rights Reserved.